[Event "ROM-ch U12"]
[Site "Calimanesti"]
[Date "2015.04.06"]
[Round "9"]
[White "Corfu, Gabriel Ionut"]
[Black "Antal, Andrei"]
[Result "1/2-1/2"]
[WhiteElo "1376"]
[BlackElo "1191"]
[PlyCount "81"]
[EventDate "2015.03.30"]
[EventType "swiss"]
[EventRounds "9"]
[EventCountry "ROU"]
[SourceTitle "CBM 165 Extra"]
[Source "ChessBase"]
[SourceDate "2015.04.21"]
[SourceVersion "1"]
[SourceVersionDate "2015.04.21"]
[SourceQuality "1"]

1. e4 g6 2. d4 Bg7 3. Nf3 d6 4. Nc3 Bg4 5. Be3 e5 6. dxe5 Bxe5 7. Be2 Bg7 8. 0-0 Ne7 9. Bd4 Rg8 10. Bxg7 Rxg7 11. Qd4 Rg8 12. e5 Bxf3 13. Bxf3 Nbc6 14. Bxc6+ Nxc6 15. Qd5 Rb8 16. exd6 Qxd6 17. Rae1+ Kf8 18. Qxd6+ cxd6 19. Nd5 Kg7 20. Ne7 Nxe7 21. Rxe7 Rge8 22. Rxe8 Rxe8 23. f3 Re2 24. Rc1 Kf6 25. Kf1 Rd2 26. a4 Rd5 27. b4 b5 28. axb5 Rxb5 29. c3 Ke7 30. Ke2 a5 31. bxa5 Rxa5 32. Kd3 Ra2 33. Rc2 Rxc2 34. Kxc2 Ke6 35. Kd3 Kd5 36. c4+ Ke5 37. h4 d5 38. cxd5 Kxd5 39. Ke3 Ke5 40. f4+ Kf5 41. Kf3 1/2-1/2

[Event "ROM-ch U12"]
[Site "Calimanesti"]
[Date "2015.04.01"]
[Round "3"]
[White "Corfu, Gabriel Ionut"]
[Black "Tudose, Matei Ovidiu"]
[Result "0-1"]
[WhiteElo "1376"]
[BlackElo "1618"]
[PlyCount "60"]
[EventDate "2015.03.30"]
[EventType "swiss"]
[EventRounds "9"]
[EventCountry "ROU"]
[SourceTitle "CBM 165 Extra"]
[Source "ChessBase"]
[SourceDate "2015.04.21"]
[SourceVersion "1"]
[SourceVersionDate "2015.04.21"]
[SourceQuality "1"]

1. e4 c5 2. Nf3 d6 3. Bb5+ Bd7 4. Bxd7+ Qxd7 5. 0-0 Nc6 6. Nc3 Nf6 7. d4 cxd4 8. Nxd4 g6 9. Nxc6 bxc6 10. Qd2 Bg7 11. Rd1 Qc7 12. Qe3 0-0 13. Qh3 c5 14. Bh6 Qb7 15. Bxg7 Kxg7 16. Re1 Qxb2 17. Nd5 Nxd5 18. exd5 Rfe8 19. c4 Rab8 20. Qd3 Qb7 21. Qh3 h5 22. Qc3+ Kg8 23. Qf3 Qb2 24. Qd1 Rb4 25. Re2 Qf6 26. Rc1 Reb8 27. a3 Rb2 28. Rxb2 Rxb2 29. Qa4 Qxf2+ 30. Kh1 Qxg2# 0-1

[Event "ROM-ch U10"]
[Site "Calimanesti"]
[Date "2014.04.09"]
[Round "4"]
[White "Popescu, Alin"]
[Black "Corfu, Gabriel Ionut"]
[Result "1-0"]
[WhiteElo "1001"]
[BlackElo "1001"]
[PlyCount "87"]
[EventDate "2014.04.06"]
[EventType "swiss"]
[EventRounds "9"]
[EventCountry "ROU"]
[SourceTitle "CBM 160 Extra"]
[Source "ChessBase"]
[SourceDate "2014.07.01"]
[SourceVersion "1"]
[SourceVersionDate "2014.07.01"]
[SourceQuality "1"]

1. e4 e5 2. Bc4 Nf6 3. d3 Nc6 4. Nf3 d5 5. exd5 Nxd5 6. 0-0 Bc5 7. Be3 b6 8. Bg5 f6 9. Be3 0-0 10. Nfd2 Nce7 11. Qf3 Qe8 12. Qg3 g6 13. Qf3 Bd6 14. Bxd5+ Nxd5 15. Qxd5+ Be6 16. Qb7 Qf7 17. Bh6 Rfc8 18. Nc3 g5 19. Nce4 Rcb8 20. Qc6 Qe7 21. Nc4 Rd8 22. Nexd6 cxd6 23. Qa4 f5 24. Rfe1 Qf6 25. Bxg5 Qxg5 26. Re3 f4 27. Rf3 Bd5 28. Rh3 f3 29. Rg3 Qxg3 30. hxg3 fxg2 31. Ne3 Bf3 32. Nxg2 Rf8 33. Qb4 Rf6 34. Qc4+ Kh8 35. d4 Rh6 36. dxe5 dxe5 37. Nh4 Rg8 38. Nxf3 Rh5 39. Re1 Rg6 40. Nxe5 Rgh6 41. Nf7+ Kg7 42. Nxh6 Kxh6 43. Qg4 a6 44. Re6# 1-0

[Event "ROM-ch U10"]
[Site "Calimanesti"]
[Date "2014.04.08"]
[Round "3"]
[White "Corfu, Gabriel Ionut"]
[Black "Pontos, Silviu Andrei"]
[Result "0-1"]
[WhiteElo "1001"]
[BlackElo "1225"]
[PlyCount "140"]
[EventDate "2014.04.06"]
[EventType "swiss"]
[EventRounds "9"]
[EventCountry "ROU"]
[SourceTitle "CBM 160 Extra"]
[Source "ChessBase"]
[SourceDate "2014.07.01"]
[SourceVersion "1"]
[SourceVersionDate "2014.07.01"]
[SourceQuality "1"]

1. e4 e5 2. Nf3 d6 3. Nc3 g6 4. d4 Bg7 5. Bg5 Ne7 6. Bb5+ Bd7 7. 0-0 h6 8. Be3 a6 9. Bc4 b5 10. Be2 Bg4 11. Qc1 Bxf3 12. Bxf3 exd4 13. Bd2 dxc3 14. Bxc3 Bxc3 15. bxc3 h5 16. Rd1 Nbc6 17. Be2 Ng8 18. f4 Qe7 19. Bf3 Rd8 20. e5 Na5 21. exd6 Rxd6 22. Re1 Re6 23. Bd5 Rxe1+ 24. Qxe1 Qxe1+ 25. Rxe1+ Ne7 26. g3 Kf8 27. Ba8 c6 28. Ra1 Kg7 29. Bxc6 Nexc6 30. c4 Nxc4 31. a4 N4a5 32. axb5 axb5 33. h4 Rb8 34. Rb1 b4 35. Rb2 b3 36. cxb3 Rxb3 37. Rg2 Nd4 38. g4 hxg4 39. Rxg4 Nf3+ 40. Kg2 Ne1+ 41. Kg1 Nc4 42. f5 Nf3+ 43. Kg2 Ne3+ 44. Kxf3 Nxg4+ 45. Kxg4 gxf5+ 46. Kxf5 Rb4 47. h5 Rb5+ 48. Kg4 Rxh5 49. Kxh5 Kf6 50. Kh6 Kf5 51. Kg7 f6 52. Kf7 Ke5 53. Kg6 f5 54. Kg5 Ke4 55. Kh4 f4 56. Kg4 Ke3 57. Kh3 f3 58. Kg3 Ke2 59. Kh2 f2 60. Kg3 f1R 61. Kg2 Rf8 62. Kg3 Kd3 63. Kg4 Kd4 64. Kg5 Kd5 65. Kg6 Kd6 66. Kg7 Rf1 67. Kg6 Ke5 68. Kg7 Ke6 69. Kg8 Ke7 70. Kg7 Rg1+ 0-1